[Event "Lloyds Bank Masters 1st"]
[Site "London"]
[Date "1977.09.01"]
[Round "10.4"]
[White "Formanek, Edward W"]
[Black "Torre, Eugenio"]
[Result "0-1"]
[WhiteElo "2410"]
[BlackElo "2550"]
[PlyCount "68"]
[EventDate "1977.08.26"]
[EventType "swiss"]
[EventRounds "10"]
[EventCountry "ENG"]

1. e4 d6 2. d4 Nf6 3. Nc3 g6 4. Be3 c6 5. Qd2 b5 6. Bd3 Nbd7 7. a4 b4 8. Nce2
a5 9. h3 Bg7 10. f4 O-O 11. g4 c5 12. c3 bxc3 13. bxc3 cxd4 14. cxd4 Bb7 15.
Nc3 d5 16. e5 Ne4 17. Bxe4 dxe4 18. Nge2 Nb6 19. Qa2 Rc8 20. O-O e6 21. g5 Qd7
22. Bc1 Rxc3 23. Nxc3 Qxd4+ 24. Qf2 Qxc3 25. Rb1 e3 26. Bxe3 Qc6 27. Kh2 Nd5
28. Rfc1 Qd7 29. Bd2 Ra8 30. Qc5 Nb4 31. Bxb4 Bf8 32. Rd1 Bd5 33. Qb5 Qxb5 34.
axb5 axb4 {Formanek completed his IM qualification} 0-1

[Event "Lloyds Bank Masters 1st"]
[Site "London"]
[Date "1977.09.01"]
[Round "10.5"]
[White "Bellin, Robert"]
[Black "Nicholson, John G"]
[Result "1/2-1/2"]
[WhiteElo "2400"]
[BlackElo "2320"]
[PlyCount "25"]
[EventDate "1977.08.26"]
[EventType "swiss"]
[EventRounds "10"]
[EventCountry "ENG"]

1. Nf3 c5 2. c4 Nf6 3. g3 b6 4. Bg2 Bb7 5. O-O e6 6. Nc3 Be7 7. d4 cxd4 8. Qxd4
d6 9. b3 O-O 10. Bb2 a6 11. Rfd1 Nbd7 12. Rac1 Qc7 13. e4 {IM norm for Bellin}
1/2-1/2

[Event "Lloyds Bank Masters 1st"]
[Site "London"]
[Date "1977.09.01"]
[Round "10.6"]
[White "Cooper, John G"]
[Black "Basman, Michael John"]
[Result "0-1"]
[WhiteElo "2320"]
[BlackElo "2390"]
[PlyCount "64"]
[EventDate "1977.08.26"]
[EventType "swiss"]
[EventRounds "10"]
[EventCountry "ENG"]

1. Nf3 d5 2. c4 c6 3. e3 Nf6 4. Nc3 g6 5. Be2 Bg7 6. O-O O-O 7. d4 Nbd7 8. b3
Nb6 9. a4 a5 10. Ba3 Re8 11. Rc1 Bg4 12. Ne5 Be6 13. Qc2 Nc8 14. cxd5 Nxd5 15.
Nxd5 Bxd5 16. e4 Be6 17. Rcd1 Nd6 18. Nc4 Rb8 19. Ne3 Qb6 20. d5 cxd5 21. Nxd5
Bxd5 22. Rxd5 Rec8 23. Bc4 Nxc4 24. bxc4 e6 25. Rd7 Bd4 26. Rd1 e5 27. Rd5 Rc6
28. c5 Rbc8 29. Rb1 Qa6 30. Qd1 Qc4 31. Qf3 Kg7 32. h4 Rf6 {IM norm for Basman}
0-1

[Event "Lloyds Bank Masters 1st"]
[Site "London"]
[Date "1977.09.01"]
[Round "10.7"]
[White "Taulbut, Shaun M"]
[Black "Vranesic, Zvonko"]
[Result "1/2-1/2"]
[WhiteElo "2395"]
[BlackElo "2400"]
[PlyCount "91"]
[EventDate "1977.08.26"]
[EventType "swiss"]
[EventRounds "10"]
[EventCountry "ENG"]

1. e4 c5 2. Nf3 e6 3. d4 cxd4 4. Nxd4 Nc6 5. Nc3 d6 6. g3 Nf6 7. Bg2 Bd7 8. O-O
Be7 9. Nce2 Nxd4 10. Nxd4 O-O 11. c4 a6 12. b3 Rb8 13. Qd2 b5 14. cxb5 axb5 15.
Bb2 Qb6 16. Rac1 Rfc8 17. h3 Rc5 18. Nc2 Rbc8 19. Ne3 Rxc1 20. Rxc1 Rxc1+ 21.
Qxc1 h6 22. Qc3 Qc5 23. e5 Qxc3 24. Bxc3 dxe5 25. Bxe5 Ne8 26. Nc2 f6 27. Bc3
Kf7 28. Kf1 Nc7 29. Bb4 e5 30. Bxe7 Kxe7 31. Ne3 f5 32. Ke2 Kd6 33. h4 g5 34.
hxg5 hxg5 35. Kd3 Kc5 36. a3 e4+ 37. Kc3 f4 38. gxf4 gxf4 39. Nc2 Nd5+ 40. Kd2
Bf5 41. b4+ Kd6 42. Nd4 e3+ 43. fxe3 fxe3+ 44. Ke1 Bd7 45. Nc2 Bf5 46. Nd4
1/2-1/2

[Event "Lloyds Bank Masters 1st"]
[Site "London"]
[Date "1977.09.01"]
[Round "10.8"]
[White "Crouch, Colin S"]
[Black "Wicker, Kevin J"]
[Result "1-0"]
[WhiteElo "2300"]
[BlackElo "2310"]
[PlyCount "61"]
[EventDate "1977.08.26"]
[EventType "swiss"]
[EventRounds "10"]
[EventCountry "ENG"]

1. e4 e6 2. d4 c5 3. d5 d6 4. c4 g6 5. Nc3 Bg7 6. Nf3 Bxc3+ 7. bxc3 e5 8. Nd2
Nf6 9. g3 Kf8 10. Bg2 Qa5 11. Qf3 Kg7 12. O-O Nbd7 13. Qe3 Ng4 14. Qd3 h5 15.
f4 h4 16. Qf3 hxg3 17. Qxg4 Qxc3 18. Nb3 gxh2+ 19. Kh1 Qxc4 20. fxe5 Nxe5 21.
Qg5 Bh3 22. Bb2 Bxg2+ 23. Qxg2 Rh4 24. Nd2 Qc2 25. Bxe5+ dxe5 26. Qg5 Rxe4 27.
Qf6+ Kh6 28. Rf3 Kh5 29. Rh3+ Kg4 30. Rh4+ Kg3 31. Nf1# 1-0

[Event "Lloyds Bank Masters 1st"]
[Site "London"]
[Date "1977.09.01"]
[Round "10.9"]
[White "Large, Peter G"]
[Black "Baker, Chris W"]
[Result "1-0"]
[WhiteElo "2280"]
[BlackElo "2175"]
[PlyCount "69"]
[EventDate "1977.08.26"]
[EventType "swiss"]
[EventRounds "10"]
[EventCountry "ENG"]

1. d4 Nf6 2. c4 c5 3. Nf3 cxd4 4. Nxd4 Nc6 5. Nc3 g6 6. e4 Nxd4 7. Qxd4 d6 8.
f3 Bg7 9. Be3 O-O 10. Qd2 Qa5 11. Rc1 Be6 12. b3 Rfc8 13. Nd5 Qxd2+ 14. Kxd2
Kf8 15. g3 Bd7 16. Bd3 Bh3 17. g4 Nxd5 18. exd5 f5 19. Rhg1 fxg4 20. fxg4 Be5
21. Be2 Kg7 22. b4 Rf8 23. Rb1 Rf7 24. Rb3 Raf8 25. Ke1 Bf6 26. Bh6+ Kxh6 27.
g5+ Kg7 28. gxf6+ exf6 29. Rxh3 Re7 30. Kd2 Rfe8 31. Bd3 f5 32. Bxf5 Re2+ 33.
Kc3 Rxa2 34. Rxh7+ Kf6 35. Be6 1-0

[Event "Lloyds Bank Masters 1st"]
[Site "London"]
[Date "1977.09.01"]
[Round "10.10"]
[White "Martin, Andrew D"]
[Black "Franklin, Michael J"]
[Result "1-0"]
[WhiteElo "2330"]
[BlackElo "2300"]
[PlyCount "115"]
[EventDate "1977.08.26"]
[EventType "swiss"]
[EventRounds "10"]
[EventCountry "ENG"]

1. d4 Nf6 2. c4 e6 3. Nf3 b6 4. g3 Bb7 5. Bg2 Be7 6. O-O O-O 7. Nc3 Ne4 8. Bd2
d6 9. d5 Nxd2 10. Qxd2 e5 11. e4 Nd7 12. Ne1 a5 13. b3 Nc5 14. Nd3 Bc8 15. Rae1
Bf6 16. f4 Nxd3 17. Qxd3 Bd7 18. a4 exf4 19. gxf4 Re8 20. Ne2 g6 21. Qf3 Bg7
22. Ng3 Bd4+ 23. Kh1 Qh4 24. Ne2 Bc5 25. Ng3 Bb4 26. e5 Bxe1 27. Rxe1 Re7 28.
Rf1 Bg4 29. Qc3 Rae8 30. Ne4 dxe5 31. fxe5 Rxe5 32. Nf6+ Kf8 33. Nxe8 Rxe8 34.
Qh8+ Ke7 35. Qd4 Kd8 36. h3 h5 37. Kg1 Re1 38. hxg4 Rxf1+ 39. Kxf1 Qxg4 40.
Qf6+ Ke8 41. Kf2 Qd1 42. Qc3 Qg4 43. Qe5+ Kd7 44. Qf6 Qf5+ 45. Qxf5+ gxf5 46.
Ke3 Kd6 47. Kd4 f6 48. Bf3 h4 49. Bg2 f4 50. Bf3 h3 51. Bh1 h2 52. Bf3 Ke7 53.
c5 Kd7 54. Kc4 Ke7 55. cxb6 cxb6 56. Kb5 Kd6 57. Kxb6 Ke5 58. Kc5 1-0

[Event "Lloyds Bank Masters 1st"]
[Site "London"]
[Date "1977.09.01"]
[Round "10.11"]
[White "Hodgson, Julian M"]
[Black "Law, Andrew P"]
[Result "0-1"]
[WhiteElo "2210"]
[BlackElo "2400"]
[PlyCount "100"]
[EventDate "1977.08.26"]
[EventType "swiss"]
[EventRounds "10"]
[EventCountry "ENG"]

1. e4 c5 2. Nc3 e6 3. Bc4 Nc6 4. f4 Nge7 5. d3 d5 6. Bb5 a6 7. Bxc6+ Nxc6 8.
Nf3 Be7 9. O-O O-O 10. Qe1 b5 11. Qg3 Nd4 12. Nxd4 cxd4 13. Nd1 dxe4 14. dxe4
Bb7 15. Qd3 Rc8 16. Bd2 Rc4 17. Nf2 Qc7 18. Rac1 Rc8 19. c3 dxc3 20. Rxc3 Rxc3
21. Qxc3 Qd7 22. Qe3 Bc5 23. Qe1 Bxe4 24. Kh1 Bb7 25. Ng4 Qd5 26. Qe2 Bb6 27.
Bc3 Qc4 28. Qe1 Rd8 29. Bxg7 Bxg2+ 30. Kxg2 Qd5+ 31. Kg3 Kxg7 32. Rf3 Qd4 33.
Kh3 Rg8 34. Qh4 Bd8 35. Qh6+ Kh8 36. Ne5 Qa7 37. f5 exf5 38. Qh5 Rg7 39. Qxf5
Kg8 40. Ng4 Qe7 41. Qh5 Qe6 42. Re3 Qd7 43. Kg3 Rg6 44. h3 f5 45. Rf3 fxg4 46.
hxg4 Bc7+ 47. Kh3 Qd6 48. Kg2 Qd2+ 49. Rf2 Qg5 50. Kf1 Qxh5 0-1

[Event "Lloyds Bank Masters 1st"]
[Site "London"]
[Date "1977.09.01"]
[Round "10.12"]
[White "Pagden, Michael A"]
[Black "James, Geoffrey H"]
[Result "1-0"]
[WhiteElo "2135"]
[BlackElo "2230"]
[PlyCount "114"]
[EventDate "1977.08.26"]
[EventType "swiss"]
[EventRounds "10"]
[EventCountry "ENG"]

1. e4 e5 2. f4 d5 3. exd5 exf4 4. Qf3 Bd6 5. Bb5+ Bd7 6. Bxd7+ Nxd7 7. Ne2 Qh4+
8. g3 fxg3 9. hxg3 Qf6 10. O-O Qxf3 11. Rxf3 Nb6 12. Nbc3 Nf6 13. Rf5 Ke7 14.
d4 g6 15. Rf3 Nfxd5 16. Nxd5+ Nxd5 17. c4 Nb4 18. c5 Bxg3 19. Nxg3 f5 20. Bg5+
Kd7 21. Re3 Rhe8 22. Rae1 Rxe3 23. Rxe3 Re8 24. Rxe8 Kxe8 25. a3 Nd5 26. Ne2 c6
27. Kf2 Kf7 28. Kf3 Ke6 29. b3 Kf7 30. Kg3 Ke6 31. Nf4+ Nxf4 32. Kxf4 Kd5 33.
Ke3 Ke6 34. Kd3 Kd5 35. Bf4 Ke6 36. Kc4 h5 37. Bg5 a6 38. Kd3 Kd5 39. Ke3 Ke6
40. Kd2 Kd5 41. Kd3 Ke6 42. b4 Kd5 43. a4 Ke6 44. Kc4 f4 45. Bxf4 Kf5 46. Bd6
h4 47. d5 g5 48. dxc6 bxc6 49. b5 axb5+ 50. axb5 cxb5+ 51. Kxb5 g4 52. c6 Ke6
53. Bb8 g3 54. Kb6 Kd5 55. Bf4 Ke4 56. Bd6 Kf3 57. c7 h3 {Source: GH James via
Brian Denman, 23 September 2020} 1-0

[Event "Lloyds Bank Masters 1st"]
[Site "London"]
[Date "1977.09.01"]
[Round "10.14"]
[White "Yeo, Michael J"]
[Black "Rayner, Emmanuel"]
[Result "0-1"]
[WhiteElo "2080"]
[BlackElo "2335"]
[PlyCount "62"]
[EventDate "1977.08.26"]
[EventType "swiss"]
[EventRounds "10"]
[EventCountry "ENG"]

1. e4 c5 2. Nf3 e6 3. d4 cxd4 4. Nxd4 Nc6 5. Nc3 Qc7 6. g3 a6 7. Bg2 Nf6 8. O-O
Be7 9. Re1 Nxd4 10. Qxd4 Bc5 11. Bf4 d6 12. Qd2 Ng4 13. Re2 Ne5 14. b4 Nc4 15.
Qe1 Bd4 16. Rd1 Bxc3 17. Qxc3 e5 18. Bc1 Be6 19. a4 O-O 20. Ba3 b5 21. a5 Rac8
22. Qa1 Qa7 23. Kh1 Bd7 24. Rf1 Bc6 25. f4 Ne3 26. Rf3 Nxg2 27. fxe5 Qb7 28.
Qd4 dxe5 29. Qxe5 Rce8 30. Qf5 Rxe4 31. Rxg2 Re1+ 0-1

[Event "Lloyds Bank Masters 1st"]
[Site "London"]
[Date "1977.09.01"]
[Round "10.16"]
[White "Patterson, Nicholas J"]
[Black "Fuller, Maxwell L"]
[Result "1-0"]
[WhiteElo "2340"]
[BlackElo "2365"]
[PlyCount "139"]
[EventDate "1977.08.26"]
[EventType "swiss"]
[EventRounds "10"]
[EventCountry "ENG"]

1. d4 Nf6 2. c4 e6 3. Nc3 Bb4 4. f3 c5 5. d5 b5 6. e4 bxc4 7. Bxc4 exd5 8. Bxd5
Nxd5 9. Qxd5 Nc6 10. Nge2 O-O 11. Bg5 Qa5 12. O-O Ba6 13. Rfd1 Nd4 14. Nxd4
cxd4 15. Qxa5 Bxa5 16. Nd5 d3 17. b4 Bb6+ 18. Be3 Bxe3+ 19. Nxe3 Rab8 20. a3
Rfc8 21. Rac1 Kf8 22. Kf2 Bb5 23. Ke1 Rc6 24. Kd2 a5 25. Rb1 Ra8 26. Rdc1 Rxc1
27. Kxc1 axb4 28. Rxb4 Ba4 29. Kd2 Bc2 30. Nxc2 dxc2 31. Rb3 Rc8 32. Kc1 f5 33.
exf5 d5 34. Rd3 Rc5 35. Rd2 Rc3 36. a4 Ra3 37. Kxc2 Rxa4 38. Kb3 Ra5 39. Kb4
Ra1 40. Kc5 Ra5+ 41. Kd4 Kf7 42. Ke5 d4+ 43. Kf4 Ra4 44. g4 h6 45. Rd3 Kf6 46.
h4 Rb4 47. g5+ hxg5+ 48. hxg5+ Kf7 49. Ke4 Ra4 50. Rxd4 Ra6 51. Kf4 Rb6 52. Ra4
Rc6 53. Ra7+ Kf8 54. Ra8+ Ke7 55. Ra7+ Kf8 56. Kg4 Rc4+ 57. f4 Rc8 58. Kh5 Rc6
59. f6 gxf6 60. g6 Kg8 61. Kh6 Rc8 62. Rg7+ Kh8 63. Rf7 Kg8 64. Rxf6 Rc1 65.
Ra6 Rc8 66. f5 Rf8 67. f6 Rb8 68. Ra7 Rc8 69. f7+ Kh8 70. g7# 1-0

[Event "Lloyds Bank Masters 1st"]
[Site "London"]
[Date "1977.09.01"]
[Round "10.19"]
[White "Lambert, Glenn EJ"]
[Black "Hanreck, Alan E"]
[Result "1-0"]
[WhiteElo "2420"]
[BlackElo "2270"]
[PlyCount "75"]
[EventDate "1977.08.26"]
[EventType "swiss"]
[EventRounds "10"]
[EventCountry "ENG"]

1. d4 Nf6 2. c4 e6 3. Nf3 b6 4. g3 Bb7 5. Bg2 Be7 6. O-O O-O 7. Nc3 Ne4 8. Qc2
Nxc3 9. Qxc3 Bf6 10. Qc2 g6 11. e4 d6 12. Be3 Nd7 13. Rad1 Bg7 14. Rfe1 Qe7 15.
Bg5 f6 16. Bc1 e5 17. b3 Rfd8 18. d5 a5 19. Be3 Nc5 20. Nd2 Rf8 21. a3 Bc8 22.
b4 Nb7 23. f4 Bh6 24. Qc3 Bd7 25. Kh1 Qg7 26. Nf3 g5 27. fxe5 fxe5 28. c5 axb4
29. axb4 bxc5 30. bxc5 Bg4 31. c6 Nd8 32. Bg1 Qf7 33. Rf1 Qh5 34. Rf2 Ra2 35.
Rxa2 Rxf3 36. Rd3 Rf8 37. Ra7 Be2 38. Rxc7 1-0

[Event "Lloyds Bank Masters 1st"]
[Site "London"]
[Date "1977.09.01"]
[Round "10.23"]
[White "Henshaw, John C"]
[Black "Williams, Tony M"]
[Result "1/2-1/2"]
[WhiteElo "2170"]
[BlackElo "2095"]
[PlyCount "25"]
[EventDate "1977.08.26"]
[EventType "swiss"]
[EventRounds "10"]
[EventCountry "ENG"]

1. Nf3 f5 2. d4 e6 3. c4 Nf6 4. Nc3 Be7 5. Qc2 O-O 6. Bg5 Ne4 7. Bxe7 Qxe7 8.
Nxe4 fxe4 9. Qxe4 Qb4+ 10. Nd2 Qxb2 11. Rb1 Qc3 12. e3 Nc6 13. Qd3 {Source:
John Henshaw via Brian Denman, 23 September 2020} 1/2-1/2

[Event "Lloyds Bank Masters 1st"]
[Site "London"]
[Date "1977.09.01"]
[Round "10.27"]
[White "Marlow, Michael W"]
[Black "King, Daniel J"]
[Result "1-0"]
[WhiteElo "2360"]
[BlackElo "2105"]
[PlyCount "45"]
[EventDate "1977.08.26"]
[EventType "swiss"]
[EventRounds "10"]
[EventCountry "ENG"]

1. e4 c5 2. Nf3 Nc6 3. Bb5 g6 4. O-O Bg7 5. c3 Nf6 6. d4 Nxe4 7. d5 Nb8 8. Re1
Nd6 9. Bf4 O-O 10. Bxd6 exd6 11. Nbd2 a6 12. Bd3 b5 13. Ne4 Qb6 14. g4 Bb7 15.
Bc2 f5 16. gxf5 Rxf5 17. Neg5 Rf8 18. Nxh7 Kxh7 19. Ng5+ Kg8 20. Bxg6 c4 21.
Re3 Nc6 22. Qh5 Rf6 23. Bf7+ 1-0